[Event "ARG-ch U16 Girls"]
[Site "Buenos Aires"]
[Date "2019.03.05"]
[Round "9.4"]
[White "Rodriguez, Ana Valentina"]
[Black "Draguicevich, Carla"]
[Result "1/2-1/2"]
[WhiteElo "1449"]
[BlackElo "1613"]
[PlyCount "59"]
[EventDate "2019.03.01"]
[EventType "swiss"]
[EventRounds "9"]
[EventCountry "ARG"]
[SourceTitle "EXT 2024"]
[Source "ChessBase"]
[SourceDate "2023.10.10"]
[SourceVersion "1"]
[SourceVersionDate "2023.10.10"]
[SourceQuality "1"]

1. d4 e6 2. Bf4 Nf6 3. Nf3 b6 4. e3 Bb7 5. Bd3 d6 6. Nbd2 Nbd7 7. c4 Qe7 8. Bg3 g6 9. e4 e5 10. d5 Nc5 11. Bc2 Bg7 12. b4 Ncd7 13. Nb3 0-0 14. 0-0 Nh5 15. a4 a6 16. a5 Nxg3 17. fxg3 Nf6 18. b5 Ng4 19. Qe2 Bh6 20. Ra2 Ra7 21. Rfa1 Rfa8 22. h3 Nf6 23. axb6 cxb6 24. bxa6 Rxa6 25. Bd3 Qd8 26. Rxa6 Rxa6 27. Rxa6 Bxa6 28. g4 Bf4 29. Qe1 Nd7 30. g3 1/2-1/2

[Event "ARG-ch U16 Girls"]
[Site "Buenos Aires"]
[Date "2019.03.02"]
[Round "4.4"]
[White "Aimale, Maria Fiorella"]
[Black "Rodriguez, Ana Valentina"]
[Result "1/2-1/2"]
[WhiteElo "1546"]
[BlackElo "1449"]
[PlyCount "52"]
[EventDate "2019.03.01"]
[EventType "swiss"]
[EventRounds "9"]
[EventCountry "ARG"]
[SourceTitle "EXT 2024"]
[Source "ChessBase"]
[SourceDate "2023.10.10"]
[SourceVersion "1"]
[SourceVersionDate "2023.10.10"]
[SourceQuality "1"]

1. c4 e6 2. Nf3 Nf6 3. g3 c5 4. Bg2 Nc6 5. d4 Qb6 6. e3 d6 7. 0-0 Be7 8. Nc3 0-0 9. d5 exd5 10. cxd5 Ne5 11. Qc2 Bg4 12. Nxe5 dxe5 13. Kh1 Bd6 14. e4 a6 15. Be3 Qd8 16. f3 Bd7 17. Qf2 Rc8 18. a4 b6 19. Rfc1 Nh5 20. Bf1 a5 21. g4 Nf4 22. Qg3 h5 23. gxh5 Nxh5 24. Qg5 Qxg5 25. Bxg5 f5 26. Bg2 f4 1/2-1/2

[Event "ARG-ch U14 Girls"]
[Site "Villa Martelli"]
[Date "2018.02.09"]
[Round "2.2"]
[White "Rodriguez, Ana Valentina"]
[Black "Bosco, Giuliana"]
[Result "1-0"]
[WhiteElo "1505"]
[BlackElo "1639"]
[PlyCount "75"]
[EventDate "2018.02.09"]
[EventType "swiss"]
[EventRounds "9"]
[EventCountry "ARG"]
[SourceTitle "EXT 2024"]
[Source "ChessBase"]
[SourceDate "2023.10.10"]
[SourceVersion "1"]
[SourceVersionDate "2023.10.10"]
[SourceQuality "1"]

1. d4 Nf6 2. Nf3 g6 3. Bf4 Bg7 4. e3 0-0 5. h3 d6 6. Bh2 Nbd7 7. Be2 Re8 8. 0-0 e6 9. c4 Qe7 10. Nc3 e5 11. Re1 e4 12. Nd2 c6 13. b4 Nf8 14. c5 d5 15. b5 h5 16. Qa4 Bd7 17. Rab1 N6h7 18. bxc6 Bxc6 19. Bb5 Qd7 20. Rb2 Ne6 21. Bxc6 bxc6 22. Reb1 Nxc5 23. dxc5 Bxc3 24. Rb7 Qe6 25. Nb3 a5 26. Bd6 Ra6 27. Nd4 Bxd4 28. Qxd4 Raa8 29. R1b6 Rec8 30. Re7 Qf5 31. Rbb7 Ng5 32. h4 Ne6 33. Qe5 Re8 34. Qxf5 gxf5 35. Rxf7 Rf8 36. Bxf8 Rxf8 37. Rxf8+ Kxf8 38. Rb6 1-0

[Event "Wch U14 Girls"]
[Site "Montevideo"]
[Date "2017.09.26"]
[Round "11"]
[White "Rodriguez, Ana Valentina"]
[Black "Gardiner, Noa Saxon"]
[Result "1/2-1/2"]
[WhiteElo "1448"]
[BlackElo "1255"]
[PlyCount "75"]
[EventDate "2017.09.17"]
[EventType "swiss"]
[EventRounds "11"]
[EventCountry "URU"]
[SourceTitle "EXT 2018"]
[Source "ChessBase"]
[SourceDate "2017.10.13"]
[SourceVersion "1"]
[SourceVersionDate "2017.10.13"]
[SourceQuality "1"]

1. d4 d5 2. Nf3 Nf6 3. e3 e6 4. Bd3 Nbd7 5. Nbd2 Bd6 6. 0-0 0-0 7. Re1 e5 8. e4 Re8 9. c3 dxe4 10. Nxe4 Nxe4 11. Rxe4 Nf6 12. Bg5 Bf5 13. Bxf6 Qxf6 14. dxe5 Bxe5 15. Rxe5 Rxe5 16. Nxe5 Qxe5 17. Bxf5 Qxf5 18. Qd4 h6 19. Re1 Qc2 20. c4 Qa4 21. a3 Re8 22. Rxe8+ Qxe8 23. h3 Qe1+ 24. Kh2 Qa5 25. f4 Qb6 26. c5 Qc6 27. b4 Kh7 28. g4 Qf3 29. a4 Qe2+ 30. Kg3 Qe1+ 31. Kg2 Qe2+ 32. Kg3 Qe1+ 33. Kg2 Qe2+ 34. Kg3 Qe1+ 35. Kh2 Qe2+ 36. Kg3 Qe1+ 37. Kf3 Qf1+ 38. Kg3 1/2-1/2

[Event "Wch U14 Girls"]
[Site "Montevideo"]
[Date "2017.09.24"]
[Round "9"]
[White "Rodriguez, Ana Valentina"]
[Black "Anghel, Maria"]
[Result "0-1"]
[WhiteElo "1448"]
[BlackElo "1581"]
[PlyCount "76"]
[EventDate "2017.09.17"]
[EventType "swiss"]
[EventRounds "11"]
[EventCountry "URU"]
[SourceTitle "CBM 180 Extra"]
[Source "ChessBase"]
[SourceDate "2017.10.06"]
[SourceVersion "1"]
[SourceVersionDate "2017.10.06"]
[SourceQuality "1"]

1. d4 d5 2. Nf3 c5 3. dxc5 Nf6 4. e3 e6 5. Nc3 Bxc5 6. Bb5+ Bd7 7. Qe2 0-0 8. 0-0 a6 9. Bxd7 Nbxd7 10. b3 Rc8 11. Bb2 Qc7 12. a3 b5 13. b4 Bd6 14. Rab1 Ne5 15. Rfc1 Nxf3+ 16. Qxf3 Bxh2+ 17. Kh1 Be5 18. Ne2 Bxb2 19. Rxb2 Ne4 20. c3 Qe5 21. Rbc2 Rc4 22. Kg1 Rfc8 23. Qf4 Qxf4 24. exf4 d4 25. Nxd4 Nxc3 26. Kf1 Kf8 27. g3 Ke7 28. Ke1 Kd6 29. f3 Rxd4 30. Rxc3 Rcc4 31. Ke2 f6 32. Ke3 e5 33. f5 g6 34. fxg6 hxg6 35. R3c2 f5 36. Rc3 Kd5 37. R3c2 g5 38. Rc3 e4 0-1

[Event "Wch U14 Girls"]
[Site "Montevideo"]
[Date "2017.09.23"]
[Round "8"]
[White "Nussbaumer, Alexa"]
[Black "Rodriguez, Ana Valentina"]
[Result "0-1"]
[WhiteElo "1568"]
[BlackElo "1448"]
[PlyCount "78"]
[EventDate "2017.09.17"]
[EventType "swiss"]
[EventRounds "11"]
[EventCountry "URU"]
[SourceTitle "CBM 180 Extra"]
[Source "ChessBase"]
[SourceDate "2017.10.06"]
[SourceVersion "1"]
[SourceVersionDate "2017.10.06"]
[SourceQuality "1"]

1. e4 e6 2. d4 d5 3. Nc3 Nf6 4. Bg5 Be7 5. e5 Nfd7 6. h4 a6 7. Bd3 Bxg5 8. hxg5 Qxg5 9. Qf3 h6 10. Nh3 Qe7 11. 0-0-0 c5 12. Qg4 f5 13. Qg6+ Qf7 14. Qxf7+ Kxf7 15. Ng5+ Ke7 16. f4 cxd4 17. Ne2 Nc6 18. Nf3 b5 19. Nexd4 Bb7 20. Nxc6+ Bxc6 21. Nd4 Rac8 22. Rdg1 Nc5 23. Kd2 Ne4+ 24. Bxe4 dxe4 25. g4 e3+ 26. Kxe3 Bxh1 27. Rxh1 g6 28. g5 hxg5 29. Rxh8 Rxh8 30. fxg5 Kd7 31. Kd3 Rh3+ 32. Ke2 Rg3 33. Nf3 Rg2+ 34. Kd3 Rg3 35. Ke2 Kc6 36. Nd4+ Kd5 37. Nf3 Ke4 38. Nh4 Rxg5 39. Nf3 Rg2+ 0-1

[Event "Wch U14 Girls"]
[Site "Montevideo"]
[Date "2017.09.22"]
[Round "6"]
[White "Hormazabal Figueroa, Constanza Valentina"]
[Black "Rodriguez, Ana Valentina"]
[Result "0-1"]
[WhiteElo "1450"]
[BlackElo "1448"]
[PlyCount "80"]
[EventDate "2017.09.17"]
[EventType "swiss"]
[EventRounds "11"]
[EventCountry "URU"]
[SourceTitle "CBM 180 Extra"]
[Source "ChessBase"]
[SourceDate "2017.10.06"]
[SourceVersion "1"]
[SourceVersionDate "2017.10.06"]
[SourceQuality "1"]

1. Nf3 e6 2. c4 d5 3. cxd5 exd5 4. g3 Bf5 5. Bg2 c6 6. e3 Bd6 7. d3 Ne7 8. b3 Na6 9. a3 Nc5 10. d4 Nd3+ 11. Ke2 h6 12. Nh4 Nxc1+ 13. Qxc1 Bh7 14. Rd1 0-0 15. Kf1 Nf5 16. Nxf5 Bxf5 17. Kg1 Re8 18. Nc3 Qd7 19. Qb2 Re6 20. Rac1 Rg6 21. Na4 b6 22. Rc3 Re8 23. Rdc1 Bc7 24. Qe2 Bh3 25. Bxh3 Qxh3 26. Rxc6 Bxg3 27. hxg3 Rg5 28. Qf1 Qg4 29. Qg2 Qf5 30. Rc7 h5 31. Rxa7 h4 32. Nxb6 hxg3 33. fxg3 Rxe3 34. Rf1 Qe6 35. Ra8+ Kh7 36. Qh2+ Kg6 37. Qc2+ f5 38. Rf2 Rexg3+ 39. Kh2 Qd6 40. Kh1 Rg1# 0-1

[Event "Wch U14 Girls"]
[Site "Montevideo"]
[Date "2017.09.19"]
[Round "4"]
[White "Laurincova, Kristyna"]
[Black "Rodriguez, Ana Valentina"]
[Result "1/2-1/2"]
[WhiteElo "1872"]
[BlackElo "1448"]
[PlyCount "92"]
[EventDate "2017.09.17"]
[EventType "swiss"]
[EventRounds "11"]
[EventCountry "URU"]
[SourceTitle "CBM 180 Extra"]
[Source "ChessBase"]
[SourceDate "2017.10.06"]
[SourceVersion "1"]
[SourceVersionDate "2017.10.06"]
[SourceQuality "1"]

1. e4 e6 2. d4 d5 3. Nd2 Be7 4. Ngf3 c5 5. exd5 exd5 6. dxc5 Bxc5 7. Bb5+ Nc6 8. 0-0 Nge7 9. Nb3 Bd6 10. Bg5 f6 11. Be3 0-0 12. Nfd4 Qc7 13. Qh5 Nxd4 14. Nxd4 g6 15. Qh4 Nf5 16. Nxf5 Bxf5 17. Rac1 Be5 18. Bd4 a6 19. Bd3 Qd7 20. Bxf5 Qxf5 21. Rfd1 Rfd8 22. c4 dxc4 23. Bxe5 Qxe5 24. Qxc4+ Kg7 25. Qc7+ Qxc7 26. Rxc7+ Kh6 27. Rdd7 Rxd7 28. Rxd7 b5 29. Kf1 a5 30. Ke2 Re8+ 31. Kd2 Re5 32. Kc3 g5 33. a3 Kg6 34. Ra7 a4 35. Rd7 h5 36. g3 g4 37. Kd3 Kf5 38. Rd4 Ke6 39. Kc3 Rd5 40. Rxd5 Kxd5 41. Kd3 f5 42. Kc3 Kc5 43. b3 axb3 44. Kxb3 Kc6 45. Kc3 Kc5 46. Kb3 Kc6 1/2-1/2